000 00390 a2200133 4500
001 91244
082 _aPR 1160
090 _c43331
_d43331
100 _aNaeem Ismail; Prof Babar Saeed And Javed Khan (Advisors)
245 _aTo Study Weight and Balance Problem of T-37 Aircraft
_n40 "A" EC
260 _aKarachi
_bNED University
_c1994
300 _avii;155p
500 _aBE Project Reports
942 _aCAE NUST
_kPR 1160
999 _c326317
_d326317